| 000 | 00943nam a22002417a 4500 | ||
|---|---|---|---|
| 999 |
_c17329 _d17329 |
||
| 003 | AR-CdUCM | ||
| 008 | 190508b ||||| |||| 00| 0 spa d | ||
| 020 | _a9972-9758-0-0 | ||
| 040 |
_aMUNICIPALIDAD PROVINCIAL DEL CUSCO _cBIBLIOTECA MUNICIPAL DEL CUSCO |
||
| 082 |
_a869.56 / _bV19 |
||
| 100 |
_aValdivia, Rocio Franco _937284 |
||
| 245 |
_aDefensorias : _bUna respuesta comunitaria a la violencia familiar / |
||
| 260 |
_aLima : _bInstituto de defensa legal, _c2003. |
||
| 300 |
_a77 paginas ; _bIlustraciones, graficos, dibujos, _c24 cm. |
||
| 505 | _aContenido:Las defensorias comunitarias -- Pisando terreno -- Aprender haciendo -- Los resultados del proyecto -- Conclusiones y recomendaciones... | ||
| 650 |
_aLiteratura _983 |
||
| 650 |
_aHistoria _9136 |
||
| 650 |
_aDefensoria _937285 |
||
| 700 |
_aCarrillo Mendoza, Jose Luis _937286 |
||
| 700 |
_aWatanabe, Enrique _937287 |
||
| 942 |
_2ddc _cLIBROS |
||
| 945 |
_apjha _d2019-05-08 |
||